Telecommunications quality of service management :from legacy to emerging services -(E-BOOK) (Record no. 193110)

000 -LEADER
fixed length control field 01237 a2200301 4500
003 - CONTROL NUMBER IDENTIFIER
control field Nust
005 - DATE AND TIME OF LATEST TRANSACTION
control field 20170207154051.0
010 ## - LIBRARY OF CONGRESS CONTROL NUMBER
LC control number 2007386720
020 ## - INTERNATIONAL STANDARD BOOK NUMBER
International Standard Book Number 0852964242
020 ## - INTERNATIONAL STANDARD BOOK NUMBER
International Standard Book Number 9780852964248
035 ## - SYSTEM CONTROL NUMBER
System control number (OCoLC)ocm50614558
040 ## - CATALOGING SOURCE
Transcribing agency Nust
082 04 - DEWEY DECIMAL CLASSIFICATION NUMBER
Classification number 384.043
245 00 - TITLE STATEMENT
Title Telecommunications quality of service management :from legacy to emerging services -(E-BOOK)
Statement of responsibility, etc. Antony Oodan ... [et al.].
250 ## - EDITION STATEMENT
Edition statement [New ed.] /
Remainder of edition statement Antony Oodan ... [et al.]
260 ## - PUBLICATION, DISTRIBUTION, ETC.
Place of publication, distribution, etc. London :
Name of publisher, distributor, etc. Institution of Electrical Engineers,
Date of publication, distribution, etc. c2003.
300 ## - PHYSICAL DESCRIPTION
Extent xxxiii, 602 p. :
Other physical details ill. ;
Dimensions 24 cm.
440 #0 - SERIES STATEMENT/ADDED ENTRY--TITLE
Title IEE telecommunications series ;
Volume/sequential designation 48
500 ## - GENERAL NOTE
General note Previous ed. published as: Quality of service in telecommunications / by A.P. Oodan, K.E. Ward and A.W. Mullee. 1997.
650 #0 - SUBJECT ADDED ENTRY--TOPICAL TERM
Topical term or geographic name entry element Telecommunication
General subdivision Customer services.
650 #0 - SUBJECT ADDED ENTRY--TOPICAL TERM
Topical term or geographic name entry element Telecommunication
General subdivision Quality control.
651 ## - SUBJECT ADDED ENTRY--GEOGRAPHIC NAME
Geographic name E-BOOK
700 1# - ADDED ENTRY--PERSONAL NAME
Personal name Oodan, A. P.
710 2# - ADDED ENTRY--CORPORATE NAME
Corporate name or jurisdiction name as entry element Institution of Electrical Engineers.
740 0# - ADDED ENTRY--UNCONTROLLED RELATED/ANALYTICAL TITLE
Uncontrolled related/analytical title Quality of service in telecommunications.
856 41 - ELECTRONIC LOCATION AND ACCESS
Materials specified Publisher description
Uniform Resource Identifier <a href="http://www.loc.gov/catdir/enhancements/fy0652/2007386720-d.html">http://www.loc.gov/catdir/enhancements/fy0652/2007386720-d.html</a>
856 41 - ELECTRONIC LOCATION AND ACCESS
Materials specified Table of contents only
Uniform Resource Identifier <a href="http://www.loc.gov/catdir/enhancements/fy0652/2007386720-t.html">http://www.loc.gov/catdir/enhancements/fy0652/2007386720-t.html</a>
942 ## - ADDED ENTRY ELEMENTS (KOHA)
Source of classification or shelving scheme
Koha item type Book
Holdings
Withdrawn status Lost status Source of classification or shelving scheme Damaged status Not for loan Collection code Permanent Location Current Location Date acquired Total Checkouts Full call number Barcode Date last seen Price effective from Koha item type
            Military College of Signals (MCS) Military College of Signals (MCS) 12/12/2016   384.043 OOD MCSEB-2740 12/08/2016 12/12/2016 Book
© 2023 Central Library, National University of Sciences and Technology. All Rights Reserved.